Sauveurs et combattants : (Record no. 377819)
[ view plain ]
| 000 -LEADER | |
|---|---|
| fixed length control field | 00747nam a2200229 a 4500 |
| 001 - CONTROL NUMBER | |
| control field | 001187599 |
| 003 - CONTROL NUMBER IDENTIFIER | |
| control field | AM-YeHGA |
| 005 - DATE AND TIME OF LATEST TRANSACTION | |
| control field | 20250617152806.0 |
| 008 - FIXED-LENGTH DATA ELEMENTS--GENERAL INFORMATION | |
| fixed length control field | 161107s2016 fr a||||r|||||000|0|fre|d |
| 020 ## - INTERNATIONAL STANDARD BOOK NUMBER | |
| International Standard Book Number | 9782917329894 |
| 040 ## - CATALOGING SOURCE | |
| Original cataloging agency | AM-YeHGA |
| 041 1# - LANGUAGE CODE | |
| Language code of text/sound track or separate title | fre |
| Language code of original | heb |
| 090 ## - LOCALLY ASSIGNED LC-TYPE CALL NUMBER (OCLC); LOCAL CALL NUMBER (RLIN) | |
| -- | 379731 |
| 100 1# - MAIN ENTRY--PERSONAL NAME | |
| Personal name | Auron, Yair |
| 245 10 - TITLE STATEMENT | |
| Title | Sauveurs et combattants : |
| Remainder of title | la famille Aznavour et l'Affiche rouge; Compassion et heroisme a Paris sous l'occupation nazie / |
| Statement of responsibility, etc. | Yair Auron; traduit de l'hebreu par Shai Sendik. |
| 260 ## - PUBLICATION, DISTRIBUTION, ETC. | |
| Place of publication, distribution, etc. | Alfortville : |
| Name of publisher, distributor, etc. | Sigest, |
| Date of publication, distribution, etc. | 2016. |
| 300 ## - PHYSICAL DESCRIPTION | |
| Extent | 145 p. : |
| Other physical details | ill. ; |
| Dimensions | 21 cm. |
| 600 14 - SUBJECT ADDED ENTRY--PERSONAL NAME | |
| Personal name | Aznavour, Charles |
| 651 #4 - SUBJECT ADDED ENTRY--GEOGRAPHIC NAME | |
| Geographic name | Հայաստան |
| General subdivision | Պատմություն |
| 651 #4 - SUBJECT ADDED ENTRY--GEOGRAPHIC NAME | |
| Geographic name | France |
| General subdivision | History |
| 700 1# - ADDED ENTRY--PERSONAL NAME | |
| Personal name | Sendik, Shai |
| Relationship | trl |
| Withdrawn status | Lost status | Damaged status | Not for loan | Collection | Home library | Current library | Date acquired | Cost, normal purchase price | Shelving control number | Total checkouts | Full call number | Barcode | Date last seen | Price effective from | Koha item type | Public note | Source of classification or shelving scheme |
|---|---|---|---|---|---|---|---|---|---|---|---|---|---|---|---|---|---|
| General | Fundamental Scientific Library | Fundamental Scientific Library | 11/01/2017 | 9000.00 | И II/115698 | FL0434917 | 11/01/2017 | 11/01/2017 | Գրքեր / Books | 30 Days Loan | |||||||
| General | Fundamental Scientific Library | Fundamental Scientific Library | 17/07/2017 | И II/115746 | FL0447685 | 17/07/2017 | 17/07/2017 | Գրքեր / Books | 30 Days Loan | Universal Decimal Classification |
ՀՀ Գիտությունների ազգային ակադեմիայի հիմնարար գիտական գրադարան = Fundamental Scientific Library of NAS RA
All site content, except where otherwise noted, is licensed under a